000 00750nam a2200229Ii 4500
003 JO-AjNU
008 230605s9999||||xx |||||||||||||| ||und||
017 _a2016/3/916
020 _a978-9958-933-96-8
040 _aJO-AjNU
_bara
_erda
_cJO-AjNU
041 _aara
050 1 4 _aDS145.9.F87 2016
100 3 _aتاليف العبدي، علي أحمد,
_eauthor
_957787
245 0 0 _aمورفولوجيا وادي الطواحين - عجلون
250 _aط1
264 3 1 _aعمان: المؤلف، 2016
300 _a152ص
_bصور توضيحية
336 _atext
_btxt
_2rdacontent
337 _aunmediated
_bn
_2rdamedia
338 _avolume
_bnc
_2rdacarrier
650 4 _aالأردن - تاريخ - أودية - كفرنجة
_957788
999 _aA25916
_c29484
_d29484